| 000 | 00360nam a2200145Ia 4500 | ||
|---|---|---|---|
| 008 | 230917s9999||||xx |||||||||||||| ||und|| | ||
| 040 |
_e154960 _aMAIN |
||
| 041 | _aEnglish | ||
| 082 | _a891.21 K125V:P | ||
| 100 | _aVachandev Kumar | ||
| 245 | 0 | _aPoorvamegh: Ek punarmulyankan | |
| 260 |
_aPatna _bAnupam Prakashan _c1971 |
||
| 300 | _a144 p. | ||
| 942 | _cBK | ||
| 999 |
_c196218 _d196218 |
||